000 00690cam a22002171a 4500
001 466959
003 ARRUPE
005 20140205144511.0
008 860430s1949 enka 000 1 eng d
035 _a(OCoLC)2381176
035 _a(OCoLC)ocm02381176
035 _a(CStRLIN)NYCG86-B43931
035 _a(NNC)466959
040 _aRPB
_cRPB
_dNNC
100 1 _aTrollope, Anthony,
_d1815-1882.
_98034
245 1 4 _aThe Parson's daughter and other stories /
_cby Anthony Trollope ; selected and introduced by John Hampden ; wood engravings by Joan Hassall.
260 _aLondon :
_bFolio Society,
_c1949.
300 _a228 p. :
_bill. ;
_c22 cm.
942 _2lcc
_cMONOGRAPH
999 _c119959
_d119959